Visión panorámica de la administración Carazo

Guardado en:
Bibliografiske detaljer
Hovedforfatter: Alfaro, José Miguel
Institution som forfatter: UNA. Facultad de Filosofía y Letras. Instituto de Estudios Latinoamericanos
Format: Texto
Udgivet: San José: s.e.
Tags: Tilføj Tag
Ingen Tags, Vær først til at tagge denne postø!

MARC

LEADER 00000 a a2200000 04500
001 24369
003
040
090 |a 166800  
100 |a Alfaro, José Miguel  
110 |a UNA. Facultad de Filosofía y Letras. Instituto de Estudios Latinoamericanos  
245 |a Visión panorámica de la administración Carazo  
260 |a San José:   |b s.e.  
300 |a 44 p.; n. 1  
999 |c 12006  |d 12006